Calcul différentiel / (Record no. 1241)

000 -LEADER
fixed length control field 01465cam a2200421 a 4500
003 - CONTROL NUMBER IDENTIFIER
control field CaAEU
005 - DATE AND TIME OF LATEST TRANSACTION
control field 20210624105430.0
008 - FIXED-LENGTH DATA ELEMENTS--GENERAL INFORMATION
fixed length control field 120614s2013 quca 001 0 fre d
020 ## - INTERNATIONAL STANDARD BOOK NUMBER
International Standard Book Number 9782896505586
020 ## - INTERNATIONAL STANDARD BOOK NUMBER
International Standard Book Number 289650558X
040 ## - CATALOGING SOURCE
Transcribing agency NLC
049 ## - LOCAL HOLDINGS (OCLC)
Holding library UABA
050 #4 - LIBRARY OF CONGRESS CALL NUMBER
Classification number QA304
Item number .S74 2012
055 #3 - CLASSIFICATION NUMBERS ASSIGNED IN CANADA
Classification number QA304
Item number S7314 2012
090 ## - LOCALLY ASSIGNED LC-TYPE CALL NUMBER (OCLC); LOCAL CALL NUMBER (RLIN)
Classification number (OCLC) (R) ; Classification number, CALL (RLIN) (NR) QA 304 S74 2012
Local cutter number (OCLC) ; Book number/undivided call number, CALL (RLIN) AEUSJ
100 1# - MAIN ENTRY--PERSONAL NAME
Personal name Stewart, James,
Dates associated with a name 1941-
245 10 - TITLE STATEMENT
Title Calcul différentiel /
Statement of responsibility, etc. James Stewart ; adaptation, Stéphane Beauregard, Chantal Trudel ; traduction, Michèle Boileau ; révision scientifique, Pierre Lantagne.
250 ## - EDITION STATEMENT
Edition statement 1re éd. québécoise.
260 ## - PUBLICATION, DISTRIBUTION, ETC.
Place of publication, distribution, etc. Montréal :
Name of publisher, distributor, etc. Modulo,
Date of publication, distribution, etc. c2013.
300 ## - PHYSICAL DESCRIPTION
Extent xii, 457, 5 p. :
Other physical details ill. (certaines en coul.) ;
Dimensions 27 cm.
336 ## - CONTENT TYPE
Content type term text
Content type code txt
Source rdacontent
337 ## - MEDIA TYPE
Media type term unmediated
Media type code n
Source rdamedia
338 ## - CARRIER TYPE
Carrier type term volume
Carrier type code nc
Source rdacarrier
500 ## - GENERAL NOTE
General note Trad. partielle de la 7e éd. de: Single variable calculus : early transcendentals.
500 ## - GENERAL NOTE
General note Comprend un index.
650 #6 - SUBJECT ADDED ENTRY--TOPICAL TERM
Topical term or geographic name entry element Calcul différentiel.
700 1# - ADDED ENTRY--PERSONAL NAME
Personal name Trudel, Chantal,
Dates associated with a name 1972-
700 1# - ADDED ENTRY--PERSONAL NAME
Personal name Beauregard, Stéphane,
Dates associated with a name 1969-
700 1# - ADDED ENTRY--PERSONAL NAME
Personal name Stewart, James,
Dates associated with a name 1941-
Title of a work Single variable calculus.
942 ## - ADDED ENTRY ELEMENTS (KOHA)
Source of classification or shelving scheme
Koha item type Book
Suppress in OPAC JE
949 ## - LOCAL PROCESSING INFORMATION (OCLC)
a QA 304 S74 2012
c 1
h UABS-B
i 0162031532094
Holdings
Withdrawn status Lost status Source of classification or shelving scheme Damaged status Not for loan Permanent Location Current Location Shelving location Date acquired Total Checkouts Full call number Barcode Date last seen Date last checked out Price effective from Koha item type Public note
          AU LIBRARY AU LIBRARY Open Shelf 24.06.2021 1 QA304 .S74 2012 28002972 19.05.2022 19.05.2022 24.06.2021 Book JE

Powered by Koha